LEADER 01714oam 2200481 450 001 9910704756003321 005 20130807091456.0 035 $a(CKB)5470000002444165 035 $a(OCoLC)681324217 035 $a(EXLCZ)995470000002444165 100 $a20101115d1984 ua 0 101 0 $aeng 135 $aurbn||||||||| 181 $ctxt$2rdacontent 182 $cc$2rdamedia 183 $acr$2rdacarrier 200 10$aResidual stocking not seriously reduced by logging damage from thinning of West Virginia cherry-maple stands /$fNeil I. Lamson, H. Clay Smith, Gary W. Miller 210 1$aBroomall, PA :$cUnited States Department of Agriculture, Forest Service, Northeastern Forest Experiment Station,$d[1984] 215 $a1 online resource (7 pages) $cillustrations 225 1 $aResearch paper NE ;$v541 300 $aTitle from title screen (viewed on July 23, 2013). 320 $aIncludes bibliographical references (page 7). 606 $aLogging$zWest Virginia 606 $aMaple$zWest Virginia 606 $aCherry$zWest Virginia 606 $aForest thinning$zWest Virginia 615 0$aLogging 615 0$aMaple 615 0$aCherry 615 0$aForest thinning 700 $aLamson$b Neil I.$01390804 702 $aSmith$b H. Clay 702 $aMiller$b Gary W. 712 02$aNortheastern Forest Experiment Station (Radnor, Pa.), 712 02$aUnited States.$bForest Service, 801 0$bOCLCE 801 1$bOCLCE 801 2$bOCLCQ 801 2$bGPO 906 $aBOOK 912 $a9910704756003321 996 $aResidual stocking not seriously reduced by logging damage from thinning of West Virginia cherry-maple stands$93501385 997 $aUNINA